Jeppy Goes to the NFL Part Two - Statistics

General Stats
  • This quiz has been taken 71 times
  • The average score is 15 of 16
Answer Stats
Picture Answer % Correct
Buffalo Bills
98%
Indianapolis Colts
97%
Cincinnati Bengals
95%
New England Patriots
95%
Denver Broncos
93%
Los Angeles Chargers
93%
Baltimore Ravens
92%
Kansas City Chiefs
92%
New York Jets
92%
Pittsburgh Steelers
92%
Jacksonville Jaguars
90%
Las Vegas Raiders
90%
Cleveland Browns
89%
Houston Texans
89%
Tennessee Titans
89%
Miami Dolphins
87%
No matching quizzes found
Score Distribution
Percent of People with Each Score
Percentile by Number Answered
Your Score History
You have not taken this quiz